| 000 | 00801nam a22002537a 4500 | ||
|---|---|---|---|
| 005 | 20170124110038.0 | ||
| 010 | _aA-541631 | ||
| 020 |
_c00.00 _a8170186994 |
||
| 035 | _aA-541631 | ||
| 037 | _bCen Lib/Ret | ||
| 040 |
_aDPL _bEN |
||
| 082 |
_a808.86 _bRAN |
||
| 100 |
_aRanavir, Rangra _923171 |
||
| 245 |
_aInterviews with Indian writers : _bby Rangra Ranavir _ccovering thirtyfive writers of fifteen languages / |
||
| 260 |
_aNew Delhi _bB.R.Publishing corporation _c1992 |
||
| 270 |
_a1,Ansari Road Darya Ganj _bNew Delhi _e110002 |
||
| 300 |
_a245p. _c21cm(Hb) |
||
| 490 | _aNew world literature series-48 | ||
| 500 | _aIncludes glossary | ||
| 650 |
_aAuthors, Indic _923172 |
||
| 650 |
_aIndic literature _923173 |
||
| 700 | _922863 | ||
| 942 |
_2ddc _cEN _h808.86 _mRAN |
||
| 999 |
_c128364 _d128364 |
||